Biomass conversion and technology / (Record no. 13511)

000 -LEADER
fixed length control field 00417pam a2200157 a 4500
020 ## - INTERNATIONAL STANDARD BOOK NUMBER
ISBN 0471962465
040 ## - CATALOGING SOURCE
Transcribing agency DLC
082 00 - DEWEY DECIMAL CLASSIFICATION NUMBER
Classification number 662 WIL 1996 A046 Or.
100 2# - MAIN ENTRY--AUTHOR NAME
Personal name Wereko-Brobby, Charles.
245 10 - TITLE STATEMENT
Title Biomass conversion and technology /
260 ## - PUBLICATION, DISTRIBUTION, ETC. (IMPRINT)
Place of publication Chichester ;
-- New York :
Name of publisher Wiley,
Year of publication c1996.
300 ## - PHYSICAL DESCRIPTION
Number of Pages ix, 203 p. :
Other physical details ill. ;
Dimensions 25 cm.
650 #0 - SUBJECT ADDED ENTRY--TOPICAL TERM
Topical Term Biomass energy.
700 1# - ADDED ENTRY--PERSONAL NAME
Personal name Hagan, Essel B.
942 ## - ADDED ENTRY ELEMENTS (KOHA)
Koha item type សៀវភៅភាសាអង់គ្លេស
952 ## - LOCATION AND ITEM INFORMATION (KOHA)
Withdrawn status [LOCAL, KOHA] 0
Holdings
Permanent Location Date acquired Koha item type Lost status Shelving location Barcode Current Location Full call number
Library Block A2017-08-26សៀវភៅភាសាអង់គ្លេស A046A19163Library Block A662 WIL 1996 A046 Or.
មជ្ឈមណ្ឌលឯការនៃសាកលវិទ្យាល័យភូមិន្ទកសិកម្មចំការដូង

Powered by Koha